Frecuencia de síntomas emocionales en la atención de salud: su diagnóstico y manejo por parte de médicos generales
I tiakina i:
| Kaituhi matua: | |
|---|---|
| Hōputu: | Pukapuka |
| Reo: | Pāniora |
| I whakaputaina: |
Santiago
Universidad de Chile
1992
|
| Rangatū: | Documentos de Trabajo, 48
|
| Ngā marau: | |
| Ngā Tūtohu: |
Tāpirihia he Tūtohu
Kāore He Tūtohu, Me noho koe te mea tuatahi ki te tūtohu i tēnei pūkete!
|
MARC
| LEADER | 00000nam a2200000 a 4500 | ||
|---|---|---|---|
| 001 | UCT1831 | ||
| 003 | CL-VaPUC | ||
| 008 | 961004e19920000CL |||||||||||||||||spa|d | ||
| 082 | 0 | 4 | |a 362.2 |b FLO |2 21 |
| 100 | 0 | |a Florenzano Urzúa, Ramón |e author |9 370848 | |
| 245 | 1 | 0 | |a Frecuencia de síntomas emocionales en la atención de salud: su diagnóstico y manejo por parte de médicos generales |
| 300 | |a 34 p | ||
| 942 | |c BK | ||
| 945 | |d 19961004 00:00:00 |a rbrito | ||
| 260 | |a Santiago |b Universidad de Chile |c 1992 | ||
| 650 | 0 | |a Salud mental |9 308393 | |
| 650 | 0 | |a Diagnóstico médico |9 306819 | |
| 650 | 7 | |a SINTOMAS DE ENFERMEDAD |2 CL-VaPUC |9 335040 | |
| 650 | 0 | |a Médicos |9 339460 | |
| 650 | 0 | |a Psicología aplicada |9 270762 | |
| 650 | 7 | |a ENFERMEDADES DEL SISTEMA NERVIOSO |2 CL-VaPUC |9 269801 | |
| 650 | 0 | |a Evaluación |9 271902 | |
| 583 | |a last modification |c 19961004 00:00:00 |k Rodrigo Vera | ||
| 490 | 0 | |a Documentos de Trabajo, 48 | |
| 999 | |c 252220 |d 252218 | ||
| 952 | |0 0 |1 0 |4 0 |6 362_200000000000000_FLO_1992 |7 0 |8 P |9 271958 |a BIBEDU |b BIBEDU |c BIBEDU_PB |d 2019-11-19 |i 3106438 |o 362.2 FLO 1992 |p 3106438 |r 2024-01-25 |w 2019-11-19 |y BK |k EDU | ||
| 952 | |0 0 |1 0 |4 0 |6 362_200000000000000_FLO_1992 |7 0 |8 P |9 271959 |a BIBEDU |b BIBEDU |c BIBEDU_PB |d 2019-11-19 |i 3545199 |o 362.2 FLO 1992 |p 3545199 |r 2024-01-25 |w 2019-11-19 |y BK |k BME | ||